000 00371nam a2200133Ia 4500
008 220216s9999 xx 000 0 und d
100 _aOuano A C
245 0 _aRecent advances in gel permeation chromatography (1981 reviews)
260 _bRubber Chemistry and Technology
_c1981
300 _a535-575
650 _a1981 reviews
650 _aChromatography
942 _cJS
999 _c66403
_d66403